000 00204 a2200097 4500
001 7970
100 _aPartridge, E
245 _aDictionary of abbreviations
260 _a
_bAllen
_c
090 _c6383
_d6383
942 _aNUST-CAE
_cM
_c32915
999 _c243043
_d243043